01641nam a22003977a 4500003000500000005001700005008004100022010001000063011001000073035001000083040000900093090001000102100003500112245013300147260004000280300001900320502010900339590003700448590004100485590004100526590004100567590004100608590004100649590004200690650003500732650002800767650002800795650002800823901000700851942000900858949004300867949005500910999001700965952013300982952012801115CHAP20220329141028.0971013s1992 r 00010 d a61528 a62500 a66674 cCHAP aTesis00aLlamas Jacobo, César.967234 aTrips (Thysanoptera : Thripidae) presentes en maleza asociada al manzano (Pyrus malus L.) y otros frutales de Zacatlán, Puebla aChapingo, Méx. :bEl autor,c1992 a33 h.b: ilus. aTesis (Ing. Agr. Esp. en Parasitología Agrícola) -- UACH. Departamento de Parasitología Agrícola aALEPHb10c20130110lUCH01h1343 aBATCH-UPDb10c20130110lUCH01h0628 aBATCH-UPDb10c20130111lUCH01h0002 aBATCH-UPDb10c20130410lUCH01h0312 aBATCH-UPDb10c20130410lUCH01h1647 aBATCH-UPDb10c20130914lUCH01h1745 aCONVERSIONb10c20130109lUCH01h133314aManzanaxMalas hierbas.97078314aManzanaxPlagas.97079214aManzanaxPuebla.97080014aTisanópteros.9113414 aBK cFOLL bBCcTESd-151896eTS1h29895i66674si bBCcTESd33724000622619eTS2fc.2h29896i66674si c61528d61528 00102local4053708TESISaBCbBCcPA_TESISd2019-12-31fTESISl0p33724000622619r2019-12-31 00:00:00tc.2w2019-12-31yTESIS 00102local4051708TESISaBCbBCcPA_TESISd2019-12-31fTESISl0oTesisp-151896r2019-12-31 00:00:00w2019-12-31yTESIS